00728nam a2200241Ia 4500008004000000020001800040041000800058082001500066100001900081245004500100260003000145300001100175650001200186650001400198650001300212650001600225650000600241690002100247700002300268906001100291999001900302952016500321210210b2009 xxu||||| |||| 00| 0 eng d a9781405162104 aeng a612.8 KEMS aKEMP (Sarah E) aSensory evaluation: a practical handbook aUKbWiley-Blackwellc2009 axi,196 aSensory apractical ahandbook aevaluation: aa aHuman Physiology aHOLLOWOOD (Tracey) a070633 c120071d120071 001040708Food ProcessingaALbALcDDKKd2021-02-17eBiblios Book Point, Surathkal-575014g7762.47l0o612.8 KEMSp070633r2021-02-17 00:00:00w2021-02-17yBK